Guess the lyrics (#36) - Statistics

General Stats
  • This quiz has been taken 256 times
    77 since last reset
  • The average score is 159 of 347
Answer Stats
Answer % Correct
I
96%
a
94%
you
88%
to
85%
do
84%
when
84%
the
82%
be
81%
He
81%
he
81%
me?
81%
me
81%
me,
81%
your
81%
Your
81%
no
79%
on
79%
on,
79%
is
78%
Is
78%
And
76%
and
76%
it
76%
go
75%
Go
75%
in
74%
can
71%
what
71%
What
71%
my
69%
Who
69%
for
66%
want
66%
all
63%
if
62%
If
62%
I'm
62%
"I'm
62%
are
59%
am
56%
that
56%
there
56%
have
54%
don't
53%
It's
53%
it's
53%
of
53%
know
51%
know"
51%
this
51%
had
49%
with
49%
his
47%
need
47%
got
46%
some
46%
but
44%
But
44%
let
44%
I'll
43%
man
43%
has
41%
take
41%
I've
40%
Now
40%
time
40%
Give
38%
Said
37%
said
37%
would
37%
down
35%
won't
35%
world
35%
been
34%
come
34%
Come
34%
tell
34%
good
32%
out
32%
gonna
29%
Well
29%
'cause
28%
more"
28%
more
28%
that's
28%
someone
26%
Bad
25%
Because
25%
dollar
25%
than
24%
away
21%
everything
21%
gave
21%
help
19%
"Please
19%
around
18%
long
18%
somebody
18%
God
16%
hey
16%
something,
16%
old
15%
times
15%
ain't
13%
coming
13%
last
13%
road
13%
home
12%
own
12%
pay
12%
door
10%
gold
10%
looking
10%
may
10%
myself
10%
ahead
9%
boss
9%
falling
9%
glitters
9%
job
9%
needing
9%
share
9%
check
7%
done
7%
mister
7%
story
7%
walking
7%
carry
6%
child
6%
crumbling
6%
helps
6%
hope
6%
Maybe
6%
plans
6%
sorry
6%
tomorrow?
6%
bone
4%
borrow?
4%
ground
4%
load
4%
names
4%
sent
4%
trouble
4%
working,
4%
working
4%
dime
3%
inside
3%
keeps
3%
mama
3%
pass
3%
reap
3%
solid
3%
sorrow?
3%
spent
3%
stone
3%
sunshine
3%
troublesome
3%
Wine
3%
written
3%
blessed
1%
bottle
1%
buddies
1%
buddy
1%
Grandpa's
1%
grave
1%
paid
1%
sowed
1%
swear
1%
warmer
1%
Whiskey
1%
No matching quizzes found
Score Distribution
Percent of People with Each Score
Percentile by Number Answered
Your Score History
You have not taken this quiz since the last reset